<?xml version="1.0" encoding="UTF-8"?>
<marc:record xmlns:marc="http://www.loc.gov/MARC21/slim">
   <marc:leader>00000nam a2200000 a 4500</marc:leader>
   <marc:datafield ind1="1" ind2=" " tag="100">
      <marc:subfield code="a">Larsen, Christian</marc:subfield>
      <marc:subfield code="4">aut</marc:subfield>
      <marc:subfield code="e">Verfasser/-in</marc:subfield>
   </marc:datafield>
   <marc:datafield ind1=" " ind2=" " tag="653">
      <marc:subfield code="a">Gesundheit</marc:subfield>
   </marc:datafield>
   <marc:datafield ind1=" " ind2=" " tag="653">
      <marc:subfield code="a">Körper</marc:subfield>
   </marc:datafield>
   <marc:datafield ind1=" " ind2=" " tag="653">
      <marc:subfield code="a">Bewegung</marc:subfield>
   </marc:datafield>
   <marc:datafield ind1=" " ind2=" " tag="653">
      <marc:subfield code="a">Bewegungsaparat</marc:subfield>
   </marc:datafield>
   <marc:datafield ind1=" " ind2=" " tag="653">
      <marc:subfield code="a">Spiraldynamik</marc:subfield>
   </marc:datafield>
   <marc:datafield ind1="0" ind2="0" tag="245">
      <marc:subfield code="a">Spiraldynamik</marc:subfield>
   </marc:datafield>
   <marc:datafield ind1="0" ind2="0" tag="245">
      <marc:subfield code="b">schmerzfrei &amp; beweglich ; die besten Übungen für den ganzen Körper</marc:subfield>
   </marc:datafield>
   <marc:datafield ind1=" " ind2="1" tag="264">
      <marc:subfield code="b">TRIAS - Thieme, Hippokrates, Enke</marc:subfield>
      <marc:subfield code="c">2015</marc:subfield>
   </marc:datafield>
   <marc:datafield ind1="1" ind2=" " tag="490">
      <marc:subfield code="a">Spiraldynamik</marc:subfield>
   </marc:datafield>
   <marc:datafield ind1="1" ind2=" " tag="520">
      <marc:subfield code="a">Klappentext: Gesund durch anatomisch richtige Bewegung! Verspannter Nacken, Hohlkreuz, schmerzende Knie, Hallux valgus: Was einmal mit falscher Haltung oder schlechter Angewohnheit begann, wird über die Jahre zum schmerzhaften Problem.   Christian Larsen zeigt Ihnen die TOP-Übungen der Erfolgsmethode Spiraldynamik. Mit diesen können Sie gezielt Fehlstellungen und Schmerzen entgegenwirken. Einfach indem Sie (wieder) lernen, sich anatomisch richtig zu bewegen. - Best-of Spiraldynamik¯: Die 60 besten Übungen in einem Band. - Kiefer, Schulter, Hüfte und noch viel mehr - Übungen gezielt für Körperbereiche und Indikationen. - Ergänzend zur Physiotherapie: Üben im Alltag, egal ob beim Händeschütteln, Treppensteigen oder Autofahren. Erwiesen wirksame Selbsthilfe bei Bewegungsproblemen.  Über den Autor und weitere Mitwirkende Dr. med. Christian Larsen ist Leiter des medizinisch-therapeutischen Instituts für Spiraldynamik® in Zürich. Bea Mischer ist Fachjournalistin und Bewegungspädagogin und integriert Spiraldynamik® in den Kindergarten-Unterricht. www.spiraldynamik.com</marc:subfield>
   </marc:datafield>
   <marc:datafield ind1=" " ind2=" " tag="020">
      <marc:subfield code="a">9783432111001</marc:subfield>
      <marc:subfield code="9">9783432111001</marc:subfield>
   </marc:datafield>
</marc:record>
